Innovación empresarial: arte y ciencia en la creación de empresas
Αποθηκεύτηκε σε:
| Κύριος συγγραφέας: | |
|---|---|
| Μορφή: | Βιβλίο |
| Γλώσσα: | Ισπανικά |
| Έκδοση: |
Bogotá, Colombia
Pearson Educación de Colombia Ltda.,
2001.
|
| Έκδοση: | Segunda edición. |
| Θέματα: | |
| Ετικέτες: |
Προσθήκη ετικέτας
Δεν υπάρχουν, Καταχωρήστε ετικέτα πρώτοι!
|
MARC
| LEADER | 00000nam a2200000 a 4500 | ||
|---|---|---|---|
| 001 | UCG6249 | ||
| 003 | CL-VaPUC | ||
| 005 | 20240325085734.0 | ||
| 008 | 110414e20010000CK |||||||||||||||||spa|d | ||
| 999 | |c 344523 |d 344521 | ||
| 020 | |a 958-699-023-0 | ||
| 040 | |c Pontificia Universidad Católica de Valparaíso | ||
| 082 | 0 | 4 | |a 658.406 VAR 2001 |2 21 |
| 100 | 0 | |a Varela Villegas, Rodrigo |e autor |9 556319 | |
| 245 | 1 | 0 | |a Innovación empresarial: arte y ciencia en la creación de empresas |
| 250 | |a Segunda edición. | ||
| 260 | |a Bogotá, Colombia |b Pearson Educación de Colombia Ltda., |c 2001. | ||
| 300 | |a XVIII, 382 páginas, | ||
| 500 | |a c.2 Donación Dirección Esc. Ingenería Industrial MEMO EII Nº2/2024 - 25-1-2024. | ||
| 583 | |a last modification |c 20160914 11:45:59 |k Rodrigo Vera | ||
| 650 | |a Creación de empresas |9 556320 | ||
| 650 | |a Innovación empresarial |9 887942 | ||
| 942 | |c BK |2 ddc | ||
| 945 | |d 20110414 00:00:00 |a dcastane | ||
| 952 | |0 0 |1 0 |4 0 |6 658_406000000000000_VAR_2001 |7 0 |8 A |9 442546 |a BIBING |b BIBING |d 2019-11-22 |i 4766032 |o 658.406 VAR 2001 |p 4766032 |r 2025-01-20 |w 2019-11-22 |y BK |k EII | ||
| 952 | |0 0 |1 0 |2 ddc |4 0 |6 658_406000000000000_VAR_2001 |7 0 |8 A |9 593804 |a BIBING |b BIBING |d 2024-03-25 |e Donación |i 5660469 |o 658.406 VAR 2001 |p 5660469 |r 2025-01-20 |t 2 |w 2024-03-25 |y BK |k EII | ||